Normal view
MARC view
- Mahmood Khalid, Ahmad Ishfaq
Entry Personal Name
001 - CONTROL NUMBER
- control field: 92647
003 - CONTROL NUMBER IDENTIFIER
- control field: NUST
005 - DATE AND TIME OF LATEST TRANSACTION
- control field: 20220704125314.0
008 - FIXED-LENGTH DATA ELEMENTS
- fixed length control field: 220704|| aca||aabn | a|a d
040 ## - CATALOGING SOURCE
- Original cataloging agency: NUST
- Transcribing agency: NUST
100 ## - HEADING--PERSONAL NAME
- Personal name: Mahmood Khalid, Ahmad Ishfaq
670 ## - SOURCE DATA FOUND
- Source citation: Work cat.: (NUST)11255: Muhammad Asim Mahboob 92646, Eyes on the road traffic police assistant, 2012
